Normal view
MARC view
- May, Michael D
Entry Personal Name
001 - CONTROL NUMBER
- control field: 81368
003 - CONTROL NUMBER IDENTIFIER
- control field: NUST
005 - DATE AND TIME OF LATEST TRANSACTION
- control field: 20210810105029.0
008 - FIXED-LENGTH DATA ELEMENTS
- fixed length control field: 210810|| aca||aabn | a|a d
040 ## - CATALOGING SOURCE
- Original cataloging agency: NUST
- Transcribing agency: NUST
100 ## - HEADING--PERSONAL NAME
- Personal name: May, Michael D
670 ## - SOURCE DATA FOUND
- Source citation: Work cat.: (NUST)31768: May, Michael D., Mechanics of Materials\, 2001.
